<?xml version="1.0" encoding="UTF-8"?>
<record
    xmlns:xsi="http://www.w3.org/2001/XMLSchema-instance"
    xsi:schemaLocation="http://www.loc.gov/MARC21/slim http://www.loc.gov/standards/marcxml/schema/MARC21slim.xsd"
    xmlns="http://www.loc.gov/MARC21/slim">

  <leader>01347nam0a22003011  4500</leader>
  <controlfield tag="001">v19\rc\1298091</controlfield>
  <controlfield tag="005">20250618020339.0</controlfield>
  <datafield tag="035" ind1=" " ind2=" ">
    <subfield code="a">(NLR Aleph) 004444167</subfield>
  </datafield>
  <datafield tag="090" ind1=" " ind2=" ">
    <subfield code="a">4435920</subfield>
    <subfield code="c">4435920</subfield>
  </datafield>
  <datafield tag="100" ind1=" " ind2=" ">
    <subfield code="a">20060306d1864    |||y0rusy50      ca</subfield>
  </datafield>
  <datafield tag="101" ind1="0" ind2=" ">
    <subfield code="a">rus</subfield>
  </datafield>
  <datafield tag="102" ind1=" " ind2=" ">
    <subfield code="a">RU</subfield>
  </datafield>
  <datafield tag="105" ind1=" " ind2=" ">
    <subfield code="a">y   c   |||||</subfield>
  </datafield>
  <datafield tag="200" ind1="1" ind2=" ">
    <subfield code="a">&#x423;&#x43A;&#x430;&#x437;&#x430;&#x442;&#x435;&#x43B;&#x44C; &#x412;&#x44B;&#x441;&#x442;&#x430;&#x432;&#x43A;&#x438; &#x432; &#x410;&#x43A;&#x430;&#x434;&#x435;&#x43C;&#x438;&#x438; &#x445;&#x443;&#x434;&#x43E;&#x436;&#x435;&#x441;&#x442;&#x432; &#x445;&#x443;&#x434;&#x43E;&#x436;&#x435;&#x441;&#x442;&#x432;&#x435;&#x43D;&#x43D;&#x44B;&#x445; &#x43F;&#x440;&#x43E;&#x438;&#x437;&#x432;&#x435;&#x434;&#x435;&#x43D;&#x438;&#x439; &#x431;&#x44B;&#x432;&#x448;&#x435;&#x433;&#x43E; &#x43F;&#x440;&#x43E;&#x444;&#x435;&#x441;&#x441;&#x43E;&#x440;&#x430; &#x441;&#x43A;&#x443;&#x43B;&#x44C;&#x43F;&#x442;&#x443;&#x440;&#x44B; &#x41D;.&#x421;. &#x41F;&#x438;&#x43C;&#x435;&#x43D;&#x43E;&#x432;&#x430;</subfield>
  </datafield>
  <datafield tag="210" ind1=" " ind2=" ">
    <subfield code="a">[&#x421;&#x430;&#x43D;&#x43A;&#x442;-&#x41F;&#x435;&#x442;&#x435;&#x440;&#x431;&#x443;&#x440;&#x433;</subfield>
    <subfield code="d">1864]</subfield>
  </datafield>
  <datafield tag="215" ind1=" " ind2=" ">
    <subfield code="a">15 &#x441;.</subfield>
    <subfield code="d">21</subfield>
  </datafield>
  <datafield tag="309" ind1=" " ind2=" ">
    <subfield code="a">&#x411;&#x435;&#x437; &#x442;&#x438;&#x442;. &#x43B;. &#x438; &#x43E;&#x431;&#x43B;.</subfield>
  </datafield>
  <datafield tag="327" ind1="0" ind2=" ">
    <subfield code="a">&#x421;. 5-15: &#x41D;.&#x421;. &#x41F;&#x438;&#x43C;&#x435;&#x43D;&#x43E;&#x432;: (&#x411;&#x438;&#x43E;&#x433;&#x440;. &#x43E;&#x447;&#x435;&#x440;&#x43A;)</subfield>
  </datafield>
  <datafield tag="464" ind1=" " ind2="0">
    <subfield code="1">2001#$a&#x41D;&#x438;&#x43A;&#x43E;&#x43B;&#x430;&#x439; &#x421;&#x442;&#x435;&#x43F;&#x430;&#x43D;&#x43E;&#x432;&#x438;&#x447; &#x41F;&#x438;&#x43C;&#x435;&#x43D;&#x43E;&#x432;</subfield>
    <subfield code="1">215##$a&#x421;. 5-15</subfield>
    <subfield code="t">&#x41D;&#x438;&#x43A;&#x43E;&#x43B;&#x430;&#x439; &#x421;&#x442;&#x435;&#x43F;&#x430;&#x43D;&#x43E;&#x432;&#x438;&#x447; &#x41F;&#x438;&#x43C;&#x435;&#x43D;&#x43E;&#x432;</subfield>
  </datafield>
  <datafield tag="702" ind1=" " ind2="1">
    <subfield code="4">570</subfield>
    <subfield code="7">ca</subfield>
    <subfield code="8">rus</subfield>
    <subfield code="a">&#x41F;&#x438;&#x43C;&#x435;&#x43D;&#x43E;&#x432;</subfield>
    <subfield code="b">&#x41D;. &#x421;.</subfield>
    <subfield code="f">1812-1864</subfield>
    <subfield code="g">&#x41D;&#x438;&#x43A;&#x43E;&#x43B;&#x430;&#x439; &#x421;&#x442;&#x435;&#x43F;&#x430;&#x43D;&#x43E;&#x432;&#x438;&#x447;</subfield>
    <subfield code="9">248393</subfield>
    <subfield code="3">RU\NLR\AUTH\770248449</subfield>
  </datafield>
  <datafield tag="710" ind1="1" ind2="2">
    <subfield code="a">&#x41F;&#x438;&#x43C;&#x435;&#x43D;&#x43E;&#x432;, &#x41D;&#x438;&#x43A;&#x43E;&#x43B;&#x430;&#x439; &#x421;&#x442;&#x435;&#x43F;&#x430;&#x43D;&#x43E;&#x432;&#x438;&#x447;. &#x412;&#x44B;&#x441;&#x442;&#x430;&#x432;&#x43A;&#x430; &#x445;&#x443;&#x434;&#x43E;&#x436;&#x435;&#x441;&#x442;&#x432;&#x435;&#x43D;&#x43D;&#x44B;&#x445; &#x43F;&#x440;&#x43E;&#x438;&#x437;&#x432;&#x435;&#x434;&#x435;&#x43D;&#x438;&#x439;</subfield>
    <subfield code="f">1864</subfield>
    <subfield code="e">&#x41F;&#x435;&#x442;&#x435;&#x440;&#x431;&#x443;&#x440;&#x433;</subfield>
  </datafield>
  <datafield tag="801" ind1=" " ind2="0">
    <subfield code="a">RU</subfield>
    <subfield code="b">NLR</subfield>
    <subfield code="g">psbo</subfield>
  </datafield>
  <datafield tag="801" ind1=" " ind2="0">
    <subfield code="a">RU</subfield>
    <subfield code="b">RuMoRGB</subfield>
    <subfield code="2">psbo</subfield>
  </datafield>
  <datafield tag="801" ind1=" " ind2="1">
    <subfield code="a">RU</subfield>
    <subfield code="b">ProSoft-M</subfield>
    <subfield code="2">rusmarc</subfield>
  </datafield>
  <datafield tag="852" ind1=" " ind2=" ">
    <subfield code="a">NLR</subfield>
    <subfield code="j">18.255.7.100</subfield>
  </datafield>
  <datafield tag="942" ind1=" " ind2=" ">
    <subfield code="c">BOOK</subfield>
  </datafield>
  <datafield tag="980" ind1=" " ind2=" ">
    <subfield code="a">NB</subfield>
  </datafield>
  <datafield tag="995" ind1=" " ind2=" ">
    <subfield code="5">2013-10-26</subfield>
    <subfield code="b">NLR02</subfield>
    <subfield code="c">NLR02</subfield>
    <subfield code="e">RFS</subfield>
    <subfield code="f">1-3613631</subfield>
    <subfield code="k">18.255.7.100</subfield>
    <subfield code="o">0</subfield>
    <subfield code="r">BOOK</subfield>
    <subfield code="s">182557100_</subfield>
  </datafield>
</record>
